000 00930nam a2200253Ia 4500
008 130821s2010 sp gr spa
020 _a978 84 9908 269 1
040 _aCo-BoUCM
_bspa
041 0 0 _aspa
100 1 _aAchebe, Chinua
_d1930-
_9170032
245 1 0 _aTodo se desmorona
_cChinua Achebe ; prólogo de Marta Sofía López Rodríguez ; traducción de José Manuel Alvarez Flórez
250 _a2a. ed.
260 _aBarcelona (España)
_bDebolsillo Random House Mondadori
_c2010
300 _a205 páginas
490 _aDebolsillo.
_aContemporánea
650 _aHistoria de África
_926505
650 _aLiteratura nigeriana
_918713
650 _aNovela nigeriana
_920549
700 1 _aÁlvarez Flórez, José Manuel
_etr.
_9119062
700 1 _aLopez Rodríguez, Marta Sofía
_epról.
_9170033
765 _tThings fall apart.
942 _cLIBRO
_a18
_e2
_mA177t
_2DEWEY
_h896
999 _c78615
_d78615